Náhodné či zámerné opomenutie?

Bibliographic Details
Main Author: Šimko, Ján, 1920-2011 (Author)
Format: Article
Language:Slovak
PhysicalDescription:Fotogr.
Subjects:

MARC

LEADER 00000nab a2200000 a 4500
001 vtls000435537
003 SK-MaSNL
005 20260311225019.0
008 120925c1991 xo 0 slo
015 |a SNBRB19rr/mm-uuuuu 
035 |a CL0435665 
040 |a SNKBUCL  |b slo  |c SNKBUCL  |e AACR2 
041 0 |a slo 
044 |a xo  |c SK 
080 |a 327(043.7:73)  |2 1981 
080 |a 327(73:437)  |2 1981 
100 1 |a Šimko, Ján,  |d 1920-2011  |4 aut  |9 57521 
245 1 0 |a Náhodné či zámerné opomenutie?  |c Ján Šimko 
300 |a Fotogr. 
650 0 7 |a zahraničná politika  |2 snkbucl  |9 971 
651 7 |a Československo  |2 snkbucl  |9 21376 
651 7 |a Spojené štáty americké  |2 snkbucl  |9 18262 
773 0 |t Slovenské národné noviny  |g Roč. 2, č. 48 (1991), s. 5 
850 |a Slovenská národná knižnica v Martine  |a MTA001 
852 |a SNK  |b KIS3GCP 
999 |c 3264136  |d 3266066